Sports Quiz

Random Sports or World Quiz
Score 0/20 Timer 05:00
0 Plays Today
Rank Team % Correct
3.US
97.8%
1.Brazil
97.4%
11.Japan
93.3%
2.Russia
92.9%
8.China
90.5%
7.Italy
90.2%
13.France
89%
9.Argentina
86.2%
16.Germany
86.1%
18.Spain
83.5%
Rank Team % Correct
20.Canada
79.9%
5.Poland
79.3%
10.Cuba
75%
6.Serbia
68%
17.South Korea
66.8%
4.Bulgaria
63.3%
15.Egypt
50.9%
19.Iran
46%
14.Venezuela
39.2%
12.Puerto Rico
29.8%
Remove Ads.
Support Sporcle.
Get the best of Sporcle when you Go Orange. This ad-free experience offers more features, more stats, and more fun while also helping to support Sporcle. Thank you for becoming a member.

You're not logged in!

Compare scores with friends on all Sporcle quizzes.
OR
Log In

Sporcle TV

Today on Sporcle TV


Watch our educational content, quiz creation guides, and fun videos on Sporcle TV.

Show Comments

Extras

Created Dec 24, 2009ReportNominate
Tags:World Quiz, 2009, end, men, team, Top 20, Volleyball

Top Quizzes Today


Score Distribution

Paid Content

Your Account Isn't Verified!

In order to create a playlist on Sporcle, you need to verify the email address you used during registration. Go to your Sporcle Settings to finish the process.

Report this User

Report this user for behavior that violates our Community Guidelines.

Details: